| 000 | 00962cam a2200217 4500 | ||
|---|---|---|---|
| 001 | WB4013-15 | ||
| 008 | 040330n2004 000 0 eng u | ||
| 035 | _a(Sirsi) u125680 | ||
| 245 | _aLandfill directive consultation outcome | ||
| 260 | _c2004 | ||
| 490 |
_aDEFRA News Release _v(111/04) 25 March 2004 (2) |
||
| 520 | _aDEFRA has published the outcome of its consultation on the implementation of the EU landfill directive's Waste Acceptance Criteria (WAC). Government has decided that the implementation date for WAC will be 16 July 2005. The consultation outcome is available on the DEFRA website, http://www.defra.gov.uk/corporate/consult/landfill -regs/index.htm. http://www.defra.gov.uk/news/2004/040325g.htm | ||
| 590 | _aWB | ||
| 590 | _aWB | ||
| 650 | _aDIRECTIVE 99/31/EC | ||
| 650 | _aWASTE STRATEGY FOR ENGLAND AND WALES | ||
| 650 | _aWASTE DISPOSAL STRATEGY | ||
| 650 | _aLANDFILL SITES | ||
| 690 | _aWASTE MANAGEMENT | ||
| 942 | _n0 | ||
| 999 |
_c117149 _d117149 |
||